| 000 | 00918nas a2200289 4500 | ||
|---|---|---|---|
| 001 | BR0808943 | ||
| 003 | BR-BrBNA | ||
| 005 | 20231205112235.0 | ||
| 007 | ta | ||
| 008 | 230509b bl.|||p| |||| 00| 00por d | ||
| 040 |
_aBR-BrBNA _bpor _cBiblioteca Nacional de Agricultura |
||
| 041 | _a(Pt) | ||
| 072 | _aL02; L51 | ||
| 100 | 1 | _aRodrigues, K.F. | |
| 100 | 1 | _aRodrigues, P.B. | |
| 100 | 1 | _aBressan, M.C. | |
| 100 | 1 | _aNagata, A.K. | |
| 100 | 1 | _aSilva, J.H.V. da | |
| 100 | 1 | _aSilva, E.L. da | |
| 245 | 1 | _aQualidade da carne de peito de frangos de corte recebendo rações com diferentes relações lisina digestível:proteína bruta | |
| 650 | _aAVE DOMÉSTICA | ||
| 650 | _aPROTEÍNA | ||
| 650 | _aAMINOÁCIDO | ||
| 773 | 0 |
_tRevista Brasileira de Zootecnia (Brazil) _xISSN 1516-3598 _g(Jun 2008), v. 37(6) p. 1023-1028 _wBR0808943 |
|
| 909 |
_a202311 _bLúcia _c55 _dLúcia Elande |
||
| 942 |
_2AGRIS _n0 _cANA |
||
| 999 |
_c196922 _d196922 |
||